BTS ALBUMS - Statistics

General Stats
  • This quiz has been taken 294 times
  • The average score is 9 of 18
Answer Stats
# Answer % Correct
1st Single Album 2 Cool 4 Skool
88%
Suga's 1st Mixtape Agust D
72%
J-Hope's 1st Mixtape Hopeworld
70%
2nd Mini Album Skool Luv Affair
68%
1st Mini Album O!RUL8,2?
67%
2nd Full Length Album Wings
53%
RM's 2nd Mixtape Mono
51%
1st Full Length Album Dark & Wild
50%
5th Mini Album Love Yourself: Her
47%
3rd Full Length Album Love Yourself: Tear
47%
3rd Mini Album The Most Beautiful Moment In Life pt.1
47%
4th Mini Album The Most Beautiful Moment In Life pt.2
47%
2nd Special Album You Never Walk Alone
46%
Repackage Album Love Yourself: Answer
45%
RM's 1st Mixtape RM
44%
1st Special Album The Most Beautiful Moment In Life: Young Forever
38%
4th Full Length Album Map Of The Seoul: 7
19%
6th Mini Album Map Of The Seoul: Persona
18%
No matching quizzes found
Score Distribution
Percent of People with Each Score
Percentile by Number Answered
Your Score History
You have not taken this quiz